Milk groups to set prices. (Record no. 61622)
[ view plain ]
| 000 -LEADER | |
|---|---|
| fixed length control field | 00588cam a2200169 4500 |
| 001 - CONTROL NUMBER | |
| control field | WB3533-39 |
| 008 - FIXED-LENGTH DATA ELEMENTS--GENERAL INFORMATION | |
| fixed length control field | 000000n1999 000 0 eng u |
| 035 ## - SYSTEM CONTROL NUMBER | |
| System control number | (Sirsi) u102626 |
| 245 ## - TITLE STATEMENT | |
| Title | Milk groups to set prices. |
| 260 ## - PUBLICATION, DISTRIBUTION, ETC. | |
| Date of publication, distribution, etc. | 1999 |
| 490 ## - SERIES STATEMENT | |
| Series statement | Financial Times |
| Volume/sequential designation | 25 August 1999, 8(1) |
| 520 ## - SUMMARY, ETC. | |
| Summary, etc. | Milk Marque and Britainαs dairy companies have entered into negotiations to set the price of milk from October. Analysts predict farmers will get 17.5p per litre, down 1p since the last round. |
| 650 ## - SUBJECT ADDED ENTRY--TOPICAL TERM | |
| Topical term or geographic name entry element | DAIRY FARMS |
| 650 ## - SUBJECT ADDED ENTRY--TOPICAL TERM | |
| Topical term or geographic name entry element | MILK |
| 690 ## - LOCAL SUBJECT ADDED ENTRY--TOPICAL TERM (OCLC, RLIN) | |
| Topical term or geographic name as entry element | RURAL PRACTICE |
| 942 ## - ADDED ENTRY ELEMENTS (KOHA) | |
| Suppress in OPAC | 0 |
| Withdrawn status | Lost status | Source of classification or shelving scheme | Damaged status | Not for loan | Home library | Current library | Shelving location | Date acquired | Total Checkouts | Full call number | Barcode | Date last seen | Copy number | Price effective from | Koha item type |
|---|---|---|---|---|---|---|---|---|---|---|---|---|---|---|---|
| Dewey Decimal Classification | London | London | News article | 23/11/1999 | WB3533-39 | 102626-1001 | 06/08/2019 | 1 | 06/08/2019 | News article |